000 nam a22 7a 4500
999 _c9638
_d9638
008 180205b ||||| |||| 00| 0 eng d
100 _aRangachari,D.
_95764
245 _aColours of the World
260 _aNew Delhi
_bCBT
_c2014